| 000 | 01028nam a22002655i 4500 | ||
|---|---|---|---|
| 001 | 176596 | ||
| 003 | ES-MaACL | ||
| 005 | 20230906220130.0 | ||
| 008 | 110125s1947 sp a |||| | spa d | ||
| 080 | _a821.134.2-293"19" | ||
| 100 | 1 |
_aRomero, Federico. _999322 |
|
| 245 | 1 | 3 |
_aEl caserío _b: comedia lírica en tres actos / _coriginal de Federico Romero y Guillermo Fernández Shaw ; música del maestro Jesús Guridi. |
| 260 |
_aMadrid : _b[s. n., _c1947?] |
||
| 300 |
_a85 p. ; _c17 cm. |
||
| 490 | 1 |
_aBiblioteca teatral ; _v184 |
|
| 500 | _aAnteportada ilustrada. | ||
| 500 | _aEn port. : Representada por primera vez en el Teatro de la Zarzuela, de Madrid, el día 11 de noviembre de 1926. | ||
| 500 | _aEncuadernado con otros títulos. | ||
| 597 | _aEn el lomo: 183-191. | ||
| 700 | 1 |
_aFernández-Shaw, Guillermo, _d1893-1965 _950102 |
|
| 700 | 1 |
_aGuridi, Jesús. _960981 |
|
| 830 | 0 |
_aBiblioteca teatral ; _v184 _9190120 |
|
| 852 |
_aES-MaACL _jE-14130 (184) _xOlim P-302 |
||
| 999 |
_c176596 _d176596 |
||